La paz es una cultura / (Record no. 66799)

MARC details
000 -LEADER
campo de control de longitud fija 01072nam a2200289 i 4500
001 - NÚMERO DE CONTROL
campo de control 66799
003 - IDENTIFICADOR DE NÚMERO DE CONTROL
campo de control ES-MaACL
005 - FECHA Y HORA DE LA ÚLTIMA TRANSACCIÓN
campo de control 20230906165836.0
007 - CAMPO FIJO DE DESCRIPCIÓN FÍSICA--INFORMACIÓN GENERAL
campo de control de longitud fija t|
008 - DATOS DE LONGITUD FIJA--INFORMACIÓN GENERAL
campo de control de longitud fija 011018s2001 sp ||||0| spa d
020 ## - NÚMERO INTERNACIONAL ESTÁNDAR DEL LIBRO
Número Internacional Estándar del Libro 84-7753-854-9
040 ## - FUENTE DE CATALOGACIÓN
Centro catalogador/agencia de origen M-BN
Lengua de catalogación spa
Centro/agencia transcriptor M-BN
080 ## - NÚMERO DE LA CLASIFICACIÓN DECIMAL UNIVERSAL
Número de la Clasificación Decimal Universal 172.4(063)
110 2# - ENTRADA PRINCIPAL--NOMBRE DE ENTIDAD CORPORATIVA
Nombre de entidad corporativa o nombre de jurisdicción como elemento de entrada Seminario de Investigación para la Paz (Zaragoza)
9 (RLIN) 6557
245 13 - MENCIÓN DEL TÍTULO
Título La paz es una cultura /
Mención de responsabilidad, etc. Seminario de Investigación para la Paz ; Centro Pignatelli (ed.) ; Luis López Yarto...[et al.].
260 ## - PUBLICACIÓN, DISTRIBUCIÓN, ETC.
Lugar de publicación, distribución, etc. [Zaragoza] :
Nombre del editor, distribuidor, etc. Departamento de Cultura y Turismo,
Fecha de publicación, distribución, etc. [2001]
300 ## - DESCRIPCIÓN FÍSICA
Extensión 604 p. :
Otras características físicas il. ;
Dimensiones 24 cm.
490 1# - MENCIÓN DE SERIE
Mención de serie Coleccion "Actas" ;
Designación de volumen o secuencia 54
650 14 - PUNTO DE ACCESO ADICIONAL DE MATERIA--TÉRMINO DE MATERIA
Término de materia o nombre geográfico como elemento de entrada Paz-
Subdivisión de forma Congresos y asambleas.
9 (RLIN) 15900
700 1# - ENTRADA AGREGADA--NOMBRE PERSONAL
Nombre de persona López-Yarto Elizalde, Luis.
9 (RLIN) 74042
710 2# - ENTRADA AGREGADA--NOMBRE DE ENTIDAD CORPORATIVA
Nombre de entidad corporativa o nombre de jurisdicción como elemento de entrada Centro Pignatelli.
9 (RLIN) 2777
710 1# - ENTRADA AGREGADA--NOMBRE DE ENTIDAD CORPORATIVA
Nombre de entidad corporativa o nombre de jurisdicción como elemento de entrada Aragón.
Unidad subordinada Departamento de Cultura y Turismo.
9 (RLIN) 1408
830 0# - PUNTO DE ACCESO ADICIONAL DE SERIE-TÍTULO UNIFORME
Título uniforme Coleccion "Actas" ;
Designación de volumen o secuencia 54
9 (RLIN) 180391
830 #0 - PUNTO DE ACCESO ADICIONAL DE SERIE-TÍTULO UNIFORME
Título uniforme Actas (Aragón. Departamento de Cultura y Turismo) ;
Designación de volumen o secuencia 54.
9 (RLIN) 118643
852 ## - LOCALIZACIÓN
Ubicación ES-MaACL
Número de control de estantería L-27278
Sublocalización o colección R.132927
Holdings
Estatus retirado Estado de pérdida Estado de daño No para préstamo Biblioteca de origen Biblioteca actual Ubicación en estantería Fecha de adquisición Fuente de adquisición Total de préstamos Signatura topográfica completa Código de barras Visto por última vez Precio de reemplazo Tipo de ítem Koha
        Biblioteca del Ateneo de Madrid Biblioteca del Ateneo de Madrid Depósito 2 17/01/2008     L-27278 1069966 23/02/2023 23/02/2023 Libro impreso